| 000 | 00732nam a22002297c 4500 | ||
|---|---|---|---|
| 003 | OSt | ||
| 005 | 20160321170321.0 | ||
| 008 | 160321s2016 sp a | |||| 001 0 spa d | ||
| 020 | _a9788441537903 | ||
| 040 |
_cCDMR _bcat |
||
| 100 | 1 |
_aKawasaki, Guy _d1954- |
|
| 245 | 1 | 3 |
_aEl arte del social media _cGuy Kawasaki y Peg Fitzpatrick ; [traductor, Gregorio Dulli Alejano] _b: consejos prácticos para una estrategia de éxito |
| 260 |
_aMadrid _bAnaya Multimedia _cD.L. 2016 |
||
| 300 |
_a191 p. _bil. _c20 cm |
||
| 500 | _aIndex | ||
| 650 | 0 | 4 |
_aMàrqueting _93396 |
| 650 | 0 | 4 |
_aInternet _94159 _xAspectes econòmics |
| 650 | 0 | 4 |
_aMitjans de comunicació social _93082 |
| 700 | 1 | _aFitzpatrick, Peg | |
| 942 |
_cMON _2udc |
||
| 956 | _a2 | ||
| 999 |
_c6918 _d6918 |
||